Intelligent computing and information systems : (Record no. 10192)
[ view plain ]
| 000 -LEADER | |
|---|---|
| fixed length control field | 00933cam a22002055a 4500 |
| 005 - DATE AND TIME OF LATEST TRANSACTION | |
| control field | 20201124142037.0 |
| 008 - FIXED-LENGTH DATA ELEMENTS--GENERAL INFORMATION | |
| fixed length control field | 080922s2002 ua a grb f101 0 eng d |
| 020 ## - INTERNATIONAL STANDARD BOOK NUMBER | |
| International Standard Book Number | 9772371723 |
| 040 ## - CATALOGING SOURCE | |
| Original cataloging agency | dlc |
| Language of cataloging | eng |
| Modifying agency | EG-ScBUE |
| 082 04 - DEWEY DECIMAL CLASSIFICATION NUMBER | |
| Edition number | 22 |
| Classification number | 006.3 |
| Item number | INT |
| 111 2# - MAIN ENTRY--MEETING NAME | |
| 9 (RLIN) | 34877 |
| Meeting name or jurisdiction name as entry element | International conference on intelligent computing and information systems, ICICIS 2002 |
| Number of part/section/meeting | (1 : |
| Date of meeting | 2002 : |
| Location of meeting | Cairo) |
| 245 10 - TITLE STATEMENT | |
| Title | Intelligent computing and information systems : |
| Remainder of title | first international conference on intelligent computing and information systems, ICICIS 2002 Cairo, Egypt, June 24-26, 2002, proceedings / |
| Statement of responsibility, etc | editors Mohamed Tolba, Abdel Badeeh Salem. |
| 260 ## - PUBLICATION, DISTRIBUTION, ETC. (IMPRINT) | |
| Place of publication, distribution, etc | [Ciro] : |
| Name of publisher, distributor, etc | Ain Shams University, Faculty of Computer and Information science, |
| Date of publication, distribution, etc | 2002. |
| 300 ## - PHYSICAL DESCRIPTION | |
| Extent | 510 p. : |
| Other physical details | ill. ; |
| Dimensions | 22 cm. |
| 500 ## - GENERAL NOTE | |
| General note | Index : p. 509-510.<br/> |
| 504 ## - BIBLIOGRAPHY, ETC. NOTE | |
| Bibliography, etc | Includes bibliographical reference. |
| 651 ## - SUBJECT ADDED ENTRY--GEOGRAPHIC NAME | |
| Source of heading or term | BUEsh |
| 653 ## - INDEX TERM--UNCONTROLLED | |
| Arrived date list | January2014 |
| -- | November2017 |
| Resource For college | Informatics and Computer Science |
| 942 ## - ADDED ENTRY ELEMENTS (KOHA) | |
| Source of classification or shelving scheme | Dewey Decimal Classification |
| Withdrawn status | Item status | Source of classification or shelving scheme | Damaged status | Not for loan | Vendor | Home library | Current library | Shelving location | Date acquired | Source of acquisition | Total Checkouts | Full call number | Barcode | Date last seen | Koha item type |
|---|---|---|---|---|---|---|---|---|---|---|---|---|---|---|---|
| Dewey Decimal Classification | Donation-Gift | Central Library | Central Library | Lower Floor | 20/01/2014 | Donation | 006.3 INT | 000035355 | 15/07/2025 | Book - Borrowing | |||||
| Dewey Decimal Classification | Central Library | Central Library | Lower Floor | 20/11/2017 | Purchase | 006.3 INT | 000013925 | 15/07/2025 | Book - Borrowing |